000
00339nam a2200145Ia 4500
005
20251222144834.0
008
251222s9999||||xx |||||||||||||| ||spa||
020
_a
38966390597
082
_a
759.3/D75
100
_a
Diener-Ojeda, Pablo
245
0
_a
Rugendas 1802-1858
250
_a
1ra.ed.
264
_b
Ediciones Wibner
942
_c
LIB
999
_c
20962
_d
20962